|
|
|
|
| LEADER |
01839nam a2200373 u 4500 |
| 001 |
10017263 |
| 003 |
GR-PaULI |
| 005 |
20250206132703.0 |
| 008 |
881025s1977 uk eng |
| 020 |
|
|
|a 0521291747
|q (χαρτόδετο)
|
| 020 |
|
|
|a 0521214963
|q (σκληρό εξώφυλλο)
|
| 040 |
|
|
|a GR-PaULI
|c GR-PaULI
|b gre
|e AACR2
|
| 041 |
|
|
|a eng
|h ger
|
| 082 |
0 |
4 |
|a 401
|2 23
|
| 100 |
1 |
|
|a Allwood, Jens S.,
|9 139235
|d 1947-
|e συγγραφέας.
|
| 240 |
|
|
|a Logik for lingvister
|l Αγγλικά.
|
| 245 |
1 |
0 |
|a Logic in linguistics /
|c Jens Allwood, Lars-Gunnar Andersson, Osten Dahl.
|
| 260 |
|
|
|a Cambridge :
|b Cambridge University Press,
|c 1977.
|
| 300 |
|
|
|a x, 185 σ. :
|b εικ. ;
|c 23 εκ.
|
| 490 |
0 |
|
|a Cambridge textbooks in linguistics
|
| 504 |
|
|
|6 Περιλαμβάνει βιβλιογραφικές παραπομπές και ευρετήριο.
|
| 505 |
1 |
|
|a
|
| 650 |
|
4 |
|a Γλώσσα και γλώσσες
|9 1251
|
| 650 |
|
4 |
|a Λογική, Συμβολική και μαθηματική
|9 472
|
| 700 |
1 |
|
|a Andersson, Lars-Gunnar,
|9 139236
|d 1949-
|e συγγραφέας.
|
| 700 |
1 |
|
|a Dahl, Osten
|9 58985
|e συγγραφέας.
|
| 765 |
|
|
|i Μετάφραση του :
|t Logik for lingvister
|
| 830 |
|
|
|a Cambridge textbooks in linguistics
|9 164379
|
| 942 |
|
|
|2 ddc
|c BK15
|
| 952 |
|
|
|0 0
|1 0
|2 ddc
|4 0
|6 401_000000000000000_ALL
|7 0
|9 167922
|a LISP
|b LISP
|c BSC
|d 2016-04-24
|i 38053
|l 0
|o 401 ALL
|p 025000070901
|r 2016-04-24 00:00:00
|t 1
|y BK15
|
| 952 |
|
|
|0 0
|1 0
|2 ddc
|4 0
|6 401_000000000000000_ALL
|7 0
|9 167923
|a LISP
|b LISP
|c BSC
|d 2016-04-24
|i 38054
|l 0
|o 401 ALL
|p 025000085914
|r 2016-04-24 00:00:00
|t 2
|y BK15
|
| 952 |
|
|
|0 0
|1 0
|2 ddc
|4 0
|6 401_000000000000000_ALL
|7 0
|9 167924
|a LISP
|b LISP
|c BSC
|d 2016-04-24
|i 7346
|l 0
|o 401 ALL
|p 025000145340
|r 2016-04-24 00:00:00
|t 3
|y BK15
|
| 998 |
|
|
|c ΜΠΟΥΡΑΣ
|d 2017-10
|
| 999 |
|
|
|c 105005
|d 105005
|